You’re the One That I Want - Grease - Statistics

General Stats
  • This quiz has been taken 45 times
  • The average score is 320 of 373
Answer Stats
Answer % Correct
a
100%
I
100%
on
100%
the
100%
The
100%
You
100%
you
100%
you)
100%
(You
100%
one
97%
(One
97%
want
97%
want)
97%
want...
97%
your
97%
is
94%
you're
94%
You're
94%
And
91%
(And
91%
man
91%
need
91%
need)
91%
that
91%
be
88%
'Cause
88%
'cause
88%
got
88%
heart
88%
my
88%
they're
88%
up,
88%
up
88%
better
85%
chills
85%
control
85%
I'm
85%
in
85%
It's
85%
losing
85%
multiplying
85%
Oh,
85%
set
85%
shape
85%
are
82%
Are
82%
yes,
82%
(Yes,
82%
Yes,
82%
electrifying
79%
power
79%
indeed
76%
indeed)
76%
To
76%
to
76%
honey
74%
supplying
74%
me
71%
Ooh,
71%
Ooh
71%
do
68%
must
68%
true
68%
can
65%
understand
65%
Feel
59%
for
59%
who
59%
(Who
59%
direction
53%
If
53%
if
53%
too
53%
way
53%
Meditate
50%
Nothing
50%
nothing
50%
satisfied
50%
satisfied)
50%
keep
47%
left,
47%
left
47%
shy
47%
affection
44%
sure?
44%
sure
44%
inside
38%
deep
35%
prove
35%
down
32%
gonna
29%
with
29%
convey
26%
justified
26%
filled
24%
faith
15%
No matching quizzes found
Score Distribution
Percent of People with Each Score
Percentile by Number Answered
Your Score History
You have not taken this quiz